Managerial Economics (Record no. 1104)

MARC details
000 -LEADER
fixed length control field 00365nam a22001577a 4500
005 - DATE AND TIME OF LATEST TRANSACTION
control field 20180321123601.0
008 - FIXED-LENGTH DATA ELEMENTS--GENERAL INFORMATION
fixed length control field 160519b xxu||||| |||| 00| 0 eng d
041 ## - LANGUAGE CODE
Language code of text/sound track or separate title eng
082 ## - DEWEY DECIMAL CLASSIFICATION NUMBER
Item number 3250
Classification number 338.5024658
100 ## - MAIN ENTRY--AUTHOR NAME
Personal name Mithani/D.M. Dr.
245 ## - TITLE STATEMENT
Title Managerial Economics
260 ## - PUBLICATION, DISTRIBUTION, ETC. (IMPRINT)
Name of publisher Sanjeeva Book
300 ## - PHYSICAL DESCRIPTION
Number of Pages 448
650 ## - SUBJECT ADDED ENTRY--TOPICAL TERM
Topical Term Management
942 ## - ADDED ENTRY ELEMENTS (KOHA)
Koha item type Books
Holdings
Lost status Damaged status Collection code Home library Current library Shelving location Date acquired Cost, normal purchase price Full call number Accession Number Koha item type
    MANAGEMENT JRU Library JRU Library SHELF-59-G 19/05/2016 140.00 338.502 465 8 3250 Books